| 000 | 00633nmc a2200253 a 4500 | ||
|---|---|---|---|
| 003 | AR-BaBNM | ||
| 005 | 20251128211630.0 | ||
| 008 | 155020s1997 ||||||||||||||000 | spa|| | ||
| 020 | _a950-581-592-1 | ||
| 040 | _cAR-BaBNM | ||
| 100 | 1 | _aGrau, Silvia | |
| 245 | 1 | 0 | _a¡A comer! |
| 260 |
_aBuenos Aires _bEdiciones Colihue _c1997 |
||
| 300 | 0 |
_a28 p. _bil. col. |
|
| 490 | 0 | _aRe-cortala | |
| 500 | 0 | _aHojas para recortar y hojas para pegar | |
| 650 | 4 | _aALIMENTACION | |
| 650 | 4 | _aALIMENTOS | |
| 650 | 4 | _aLIBROS PARA NINOS | |
| 650 | 4 | _aALIMENTACION INFANTIL | |
| 655 | _aLITERATURA | ||
| 942 | _cBK | ||
| 998 | _cmartin | ||
| 999 |
_c20514 _d20514 |
||